000 00606nam a22001817a 4500
005 20150731115116.0
010 _aENG-113147
020 _a9788120767126
_c299.00
035 _aEN-96679
037 _bDBAD/PUB
082 _a881
100 _aShashidharan, K. P.
245 _aWhispering mind :
_cby K. P. Shashidharan
_beternal love story of Yin & Yang fable poems on life, love & joy of living /
260 _bSterling Paperbacks
_c2010
_aNew Delhi
270 _bNew Delhi
_e110020
_aA-59, Okhla Industrial Area, Phase-II,
300 _a319p.
_c21cm(pbk)
942 _2ddc
_cEN
_mSHA
_h881
999 _c93782
_d93782